书目信息 |
| 题名: |
制造“民国”
|
|
| 作者: | 罗小茗 编 | |
| 分册: | ||
| 出版信息: | 上海 上海书店出版社 2011.07 |
|
| 页数: | 379页 | |
| 开本: | 23cm | |
| 丛书名: | 热风·思想论坛 | |
| 单 册: | ||
| 中图分类: | G122 , G131.262 | |
| 科图分类: | ||
| 主题词: | 文化研究--中国--文集 , 文化研究--韩国--文集 , 文化研究 | |
| 电子资源: | ||
| ISBN: | 978-7-5458-0416-4 | |
| 000 | 01121oam2 2200313 450 | |
| 001 | 004931477 | |
| 005 | 20120612090408.34 | |
| 010 | @a978-7-5458-0416-4@dCNY38.00 | |
| 100 | @a20110913d2011 em y0chiy50 ea | |
| 101 | 0 | @achi |
| 102 | @aCN@b310000 | |
| 105 | @ay z 000yy | |
| 106 | @ar | |
| 200 | 1 | @a制造“民国”@9zhi zao“min guo”@e1950-1970年代的日常生活与文艺实践@f罗小茗编 |
| 210 | @a上海@c上海书店出版社@d2011.07 | |
| 215 | @a379页@d23cm | |
| 225 | 2 | @a热风·思想论坛 |
| 300 | @a本书受上海大学“211工程”三期项目“转型期中国民间的文化生态”资助 | |
| 330 | @a本书分三辑,内容包括:“冷战体制再思考”、“制造‘国民’:日常生活的逻辑”、“实践中的文艺:社会主义理想及其镜像”。 | |
| 461 | 0 | @12001 @a热风·思想论坛@1701 0@a王晓明@4主编 |
| 517 | 1 | @a1950-1970年代的日常生活与文艺实践@91950-1970 nian dai de ri chang sheng huo yu wen yi shi jian |
| 606 | 0 | @a文化研究@y中国@j文集 |
| 606 | 0 | @a文化研究@y韩国@j文集 |
| 606 | 0 | @a文化研究 |
| 690 | @aG122@v4 | |
| 690 | @aG131.262@v4 | |
| 701 | 0 | @a罗小茗@9luo xiao ming@4编 |
| 801 | 0 | @aCN@bNLC@c20110913 |
| 905 | @b539578-82@dG122@e114@f5 | |
| 制造“民国”:1950-1970年代的日常生活与文艺实践/罗小茗编.-上海:上海书店出版社,2011.07 |
| 379页;23cm.-(热风·思想论坛) |
| 本书受上海大学“211工程”三期项目“转型期中国民间的文化生态”资助 |
| ISBN 978-7-5458-0416-4:CNY38.00 |
| 本书分三辑,内容包括:“冷战体制再思考”、“制造‘国民’:日常生活的逻辑”、“实践中的文艺:社会主义理想及其镜像”。 |
| ● |
| 相关链接 |
|
|
|
|
正题名:制造"民国"
索取号:G122/114
 
预约/预借
| 序号 | 登录号 | 条形码 | 馆藏地/架位号 | 状态 | 备注 |
| 1 | 539578 | 205395785 | 第一样本阅览室/ [索取号:G122/114] | 在馆 | |
| 2 | 539579 | 205395794 | 第四借阅区/ [索取号:G122/114] | 在馆 | |
| 3 | 539580 | 205395801 | 第四借阅区/ [索取号:G122/114] | 在馆 | |
| 4 | 539581 | 205395810 | 第四借阅区/ [索取号:G122/114] | 在馆 | |
| 5 | 539582 | 205395829 | 第四借阅区/ [索取号:G122/114] | 在馆 |